000
00294nam a22001337a 4500
020
_a
9788171101139
082
_a
294.5921 ARY
100
_a
ARYA, RAVI PERKASH
245
_a
Samaveda Samhitha
260
_a
Delhi
_b
Parimal Publications
_c
2012
300
_a
476
650
_a
Vedas
942
_c
BK
999
_c
19968
_d
19968